01626nam a2200229 i 4500001000700000003000900007005001700016008004100033040003000074100002800104245015400132260008600286300002900372505063900401596005601040597003801096650002701134700003001161852005501191999001901246952013101265161969ES-MaACL20250812024134.0990701m18821914fr aef |||| | fre d aCCPB | B bspa cCCPB | B1 aPerrot, Georges.99137510aHistoire de l'art dans la'antiquité b: Égypte, Assyrie, Perse, Asie Mineure, Grèce, Étrurie, Rome / cpar Georges Perrot et Charles Chipiez. aParis : bLibrairie Hachette et Cie, c1882-1914 (fTypographie Georges Chamerot) a10 v. : bil. ; c28 cm.8 aContiene : t. 1º. L'Egypte (LXXVI, 879 p., [13] h. de lám.) -- t. II. Chaldée et Assyrie (825 p., [16] h. de lám.) -- t. III. Phénicie-Cypre (921 p., [8] h. de lám.) -- t. IV. Judée, Sardaigne, Syrie, Cappadoce (833 p., [5] h. de lám., [2] h. de plan.) -- t. V. Perse, Phrygie, Lydie et Carie, Lycie (928 p., [7] h. de lám., [2] h. pleg.) -- t. VI. La Grèce primitive : l'art mycénien (1030 p., [10] h. de lám., [8] h. pleg.) -- t. VII. La Grèce de l'Epopée, la Grèce archaïque (le Temple) (691 p., [9] h de lám.) -- t. VIII. La Grèce archaïque : la sculpture (XV, 756 p., [14] h. de lám) aImpresor del t. IX: Typographie 4Phillipe Renouard. aContiene también lám. y plan.04aArte-vHistoria9101071 aChipiez, Charles.9168976 aES-MaACLjB-12377-12386 z-- Enc. pasta española c161969d161969 001040708LIBXIXaATENEOMbATENEOMcSPBd2008-01-17eSSCl0oB-12377-12386p1169668r2023-02-23 00:00:00w2023-02-23yMONANT